Seis meses despues, algunas lecciones que aprender: México y Estados Unidos ante Cancún

Guardado en:
Bibliografiske detaljer
Format: Texto
Udgivet: s.l.: Centro de Estudios Económicos y Sociales del Tercer Mundo
Tags: Tilføj Tag
Ingen Tags, Vær først til at tagge denne postø!

MARC

LEADER 00000 a a2200000 04500
001 24876
003
040
090 |a 178900  
245 |a Seis meses despues, algunas lecciones que aprender: México y Estados Unidos ante Cancún  
260 |a s.l.:   |b Centro de Estudios Económicos y Sociales del Tercer Mundo  
300 |a pp. 58-74  
999 |c 14281  |d 14281